00649nam a22001455i 4500001000700000003000900007005001700016008004100033040001800074100003500092245009500127260009300222300002100315852016700336165156ES-MaACL20251014063240.0991011s1880 sp |||| | spa d aAS bspa cAS1 aSellés, Eugenio, d1842-192613aEl cielo ó El suelo b: drama en tres actos y en verso / coriginal de Eugenio Sellés. aMadrid : b[Administración Lírico-Dramática, c1880 (fTipografía de G. Estrada) a78 p. ; c19 cm. aES-MaACLjF-8649(4) z-- Enc. hol. conservando la cub. original z.- Enc. en un vol. facticio formando parte de la col. facticia "Teatro español moderno" v. 108